000 00820nam a22002417a 4500
003 OSt
008 250326b |||||||| |||| 00| 0 eng d
020 _a9780875532998
082 _a628.30721
_bL76S
245 _aStandard Methods for the Examination of Water and Wastewater /
_cedited by William C. Lipps, Ellen Burton Braun-Howland and Terry E. Baxter
250 _a24th ed.
260 _a.- Washington DC
_b: American Public Health Association
_c, 2023
300 _axliv,1536p.
650 _aTechnology (Applied Sciences)
650 _aEngineering and Allied Operations
650 _aWater Treatment
650 _aWater and Wastewater Engineering
650 _aStandard Methods
700 _aLipps, William C.
700 _aBraun-Howland, Ellen Burton.
700 _aBaxter, Terry E.
942 _2ddc
_cBK
999 _c47735
_d47735